000 00358nam a22001697a 4500
003 UA-OsUOA
001 3680
007 ta
008 20050721b un ||||| |||| 00| 0 ukr d
100 _aMac Arthur
700 _aR. H.
942 _cBK
040 _aUA-OsUOA
_cUA-OsUOA
_dUA-OsUOA
245 _aThe Theory of Island Biography
955 _a2
650 7 _2UDC
999 _c289842
_d289842